Statistiques concernant Deuxième ville de départements français

Cliquez ici pour prendre le quiz!

Statistiques générales

  • Ce quiz a été pris 124 fois
  • Le résultat moyen est 20 sur 30

Statistiques - réponses

2ème villeDépartement% Correct
DunkerqueNord
97%
VilleurbanneRhône
86%
AntibesAlpes-Maritimes
83%
Porto-VecchioCorse-du-Sud
82%
Saint-MaloIlle-et-Vilaine
79%
CergyVal-d'Oise
79%
Les Sables-d'OlonneVendée
77%
AlèsGard
76%
CompiègneOise
76%
FoixAriège
75%
VichyAllier
72%
SedanArdennes
72%
MérignacGironde
72%
ThionvilleMoselle
70%
MontreuilSeine-Saint-Denis
70%
HaguenauBas-Rhin
68%
AnnemasseHaute-Savoie
68%
BeauneCôte-d'Or
66%
LourdesHautes-Pyrénées
66%
DaxLandes
66%
CarpentrasVaucluse
65%
VierzonCher
61%
LannionCôtes-d'Armor
61%
SaumurMaine-et-Loire
57%
Saint-Laurent-du-MaroniGuyane
54%
AubenasArdèche
50%
ChâtelleraultVienne
48%
SartrouvilleYvelines
43%
VernonEure
42%
FlersOrne
41%

Distribution des résultats

Percentile par nombre de réponses

% des personnes avec chaque résultat

Votre développement - résultats

Vous n’avez pas pris ce quiz